02268nam a2200265Ia 45000010005000000080041000050100009000460410014000550820008000692450191000772600031002683000008002995200007003076300031003146300029003456300014003746300022003886300016004106500024004267000036004507000035004867000038005217000033005595201410005925585241029s9999 xx 000 0 und d a5263 aEspañol an/a 0aIncidencia De La Gestión Escolar Para El Logro De La Calidad Educativa En La Jornada Escolar Extendida Del Liceo Huáscar Ramón Victoria José, Distrito Educativo 14-01, 2015-2016. aMaría Trinidad Sánchez a127 a26 aAdministración Educativa aAdministración Escolar aGestión aGestión Escolar aNivel Medio aGestión Educativa easesoraEscolástico, Apolinar eautoraGuribe Peña , Caridad eautoraMejía Baldera , Fancina  eautoraReyes Peña, Rosanna aEl propósito de la investigación fue analizar como incide la gestión escolar para el logro de la calidad educativa en la Jornada Escolar Extendida del Liceo Huáscar Ramón Victoria José perteneciente al Distrito Educativo 14-01 de Nagua durante el año escolar 2015-2016.Esta investigación se realiza bajo el diseño de campo, no experimental y es de tipo descriptiva, el método utilizado fue el inductivo. Esta investigación abarcó a veintiuna (21) personas cinco (5) del Equipo de Gestión, sin hacer constar el director y dieciséis (16) docentes del Liceo Huáscar Ramón Victoria José. Se trabajará con la población completa por considerarse esta muy reducida. Se concluye que, siempre el director  monitorea los procesos pedagógicos, promueve la convivencia democrática e intercultural, establece vínculo entre la escuela y la comunidad, promueve el liderazgo pedagógico, ejerce una gestión democrática, socializa  la visión y metas del Centro Educativo, ejerce el  liderazgo de la gestión directiva, demuestra el desempeño de sus labores y demuestra sus competencias profesionales en el ejercicio de sus funciones. Se recomienda: al equipo de gestión mantener los acompañamientos a los docentes, darle seguimiento a estos por medio de los diálogos reflexivos para mantener la calidad educativa en los centros de jornada escolar extendida.